| 000 | 00355cam a22001097a 4500 | ||
|---|---|---|---|
| 008 | 180718b1960 xxu||||| |||| 00| 0 eng d | ||
| 082 | _aU6x54 In2s | ||
| 245 | _aState undertakings: report of a conference (Dec.19-20, 1959) | ||
| 260 |
_aNew Delhi _bIndian Institute of Public Administration _c1960 |
||
| 300 | _a14p. | ||
| 650 | _aGovernment enterprise - India | ||
| 999 |
_c475916 _d475916 |
||